000 00615nam a2200229Ia 4500
003 OSt
005 20221005133548.0
006 a|||||r|||| 00| 0
007 ta
008 221004b |||||||| |||| 00| 0 san d
024 _a65353
037 _cTextual
040 _aCRL
_cCRL
_bsan
041 _2san
_asan
082 _aLAx1:1, 15H8.2
100 _aअग्निवेश, ले.
245 0 _aचरक - संहिता
246 _aCharak - sanhitā
260 _c1948
942 _hLAx1:1, 15H8.2
_cTEXL
_2cc
999 _c1067226
_d1067226